Tax planning and compliance for tax-exempt organizations : (Record no. 99)

000 -LEADER
fixed length control field nam a22 7a 4500
005 - DATE AND TIME OF LATEST TRANSACTION
control field 20170417153541.0
008 - FIXED-LENGTH DATA ELEMENTS--GENERAL INFORMATION
fixed length control field 170417b1999 -cn||||| |||| 00| 0 eng d
040 ## - CATALOGING SOURCE
Original cataloging agency AKMAL
082 ## - DEWEY DECIMAL CLASSIFICATION NUMBER
Classification number 343.7305266 BLA
090 ## - LOCALLY ASSIGNED LC-TYPE CALL NUMBER (OCLC); LOCAL CALL NUMBER (RLIN)
Classification number (OCLC) (R) ; Classification number, CALL (RLIN) (NR) 343.7305266
Local cutter number (OCLC) ; Book number/undivided call number, CALL (RLIN) BLA
245 00 - TITLE STATEMENT
Title Tax planning and compliance for tax-exempt organizations :
Remainder of title forms, checklists, procedures.
300 ## - PHYSICAL DESCRIPTION
Dimensions 26cm
490 1# - SERIES STATEMENT
Series statement Nonprofit law, finance, and management series
650 0# - SUBJECT ADDED ENTRY--TOPICAL TERM
Topical term or geographic name entry element Tax exemption
General subdivision Law and legislation
9 (RLIN) 262
650 0# - SUBJECT ADDED ENTRY--TOPICAL TERM
Topical term or geographic name entry element Tax Planning
9 (RLIN) 263
830 00 - SERIES ADDED ENTRY--UNIFORM TITLE
Uniform title Nonprofit law, finance, and management series.
9 (RLIN) 264
942 ## - ADDED ENTRY ELEMENTS (KOHA)
Source of classification or shelving scheme
Koha item type Book
Holdings
Withdrawn status Lost status Source of classification or shelving scheme Damaged status Not for loan Collection code Home library Current library Shelving location Date acquired Inventory number Total Checkouts Full call number Barcode Date last seen Price effective from Koha item type
          NON-FICTION AKMAL Melaka AKMAL Melaka PINJAMAN 17.04.2017 303750   343.7305266 BLA 201700184 17.04.2017 17.04.2017 Book
Pusat Sumber Maklumat Dato' Haji Sarmin Md Hussin, Akademi Kastam Diraja Malaysia, Melaka
Tel: 06-2331106 | Faks: 06-2313787